| 000 | 00844nas a2200277 4500 | ||
|---|---|---|---|
| 001 | BR2013004088 | ||
| 003 | BR-BrBNA | ||
| 005 | 20231205122632.0 | ||
| 007 | ta | ||
| 008 | 230509b bl.|||p| |||| 00| 00por d | ||
| 040 |
_aBR-BrBNA _bpor _cBiblioteca Nacional de Agricultura |
||
| 041 | _a(Pt) | ||
| 072 | _aH20 | ||
| 100 | 1 | _aNapoleão, R. | |
| 100 | 1 | _aCafé Filho, A.C. | |
| 100 | 1 | _aLopes, C.A. | |
| 100 | 1 | _aNasser, L.C.B. | |
| 245 | 1 | _aEfeito do espaçamento e da cultivar de feijoeiro sobre a intensidade do mofo-branco e a sanidade de sementes | |
| 650 | _aFEIJÃO | ||
| 650 | _aSEMENTE | ||
| 650 | _aMOFO BRANCO | ||
| 650 | _aINFECÇÃO | ||
| 773 | 0 |
_tSumma Phytopatologica (Brazil) _xISSN 0100-5405 _g(Jan Mar 2006), v. 32(1) p. 63-66 _wBR2013004088 |
|
| 909 |
_a202311 _bLúcia _c55 _dLúcia Elande |
||
| 942 |
_2AGRIS _n0 _cANA |
||
| 999 |
_c229696 _d229696 |
||